000 00569nam a2200241 a 4500
001 nice12345678
003 IN_TiNIC
005 20260116011420.0
008 050524s1957 lona grp 000 0 eng
020 _a
_c0
082 0 0 _a192
_bRUS
100 _aRussell, Bertrand
245 _aProblems of Philosophy
260 _aLondon
_bOxford University Press
_c1957
300 _a167p
500 _aincludes index and biblioraphy
505 2 _aIndex
650 _aPhilosophy
700 1 _aRussell, Bertrand
902 _bSRS
942 _cBK
999 _c1329
_d1329